Proyecto capacitación para profesionales del sector ambiental (Registro nro. 43454)

Detalles MARC
000 -ENCABEZADO
Número de control [NR] 01476nam a2200253Ia 4500
005 - FECHA Y HORA DE LA ÚLTIMA TRANSACCIÓN
control field 20161205142336.0
008 - DE LONGITUD FIJA DE DATOS DE ELEMENTOS - INFORMACIÓN GENERAL
Elementos de longitud fija [NR] 130821s2001 ck a gr spa
022 ## - NUMERO INTERNACIONAL NORMALIZADO PARA PUBLICACIONES SERIADAS
Número Internacional Normalizado para Publicaciones Seriadas [NR] 01232401
040 ## - FUENTE DE CATALOGACION [NR]
Agencia de catalogación original [NR] Co-BoUCM
Idioma de catalogación [NR] spa
Quien Cataloga David Avila (modificó)
Quien Clasifica David Avila (modificó)
041 00 - CODIGO DE IDIOMA [R]
Código de idioma para texto/pista de sonido o título separado [R] Español
111 1# - ASIENTO PRINCIPAL--NOMBRE DE REUNION [NR]
Nombre de reunión o de jurisdicción como elemento de entrada [NR] Seminario identificación, manejo y resolución de conflictos ambientales (
Fecha de la reunión [NR] 2001
Lugar de la reunión [NR] Bogotá)
9 (RLIN) 82524
245 10 - MENCION DE TITULO [NR]
Título [NR] Proyecto capacitación para profesionales del sector ambiental
Mención de responsabilidad, etc. [NR] Ministerio del Medio Ambiente, ICFES
Parte restante del título [NR] Una aproximación teórica y práctica a la identificación, manejo y resolución de conflictos ambientales
260 ## - PUBLICACION, DISTRIBUCION, ETC. (PIE DE IMPRENTA) [R]
Lugar de publicación, distribución, etc. [R] Bogotá (Colombia)
Nombre del editor, distribuidor, etc. [R] Ministerio del Medio Ambiente, ICFES.
Fecha de publicación, distribución, etc. [R] 2001
300 ## - DESCRIPCION FISICA [R]
Extensión [R] 236 páginas
Otros detalles físicos [NR] ilustraciones, tablas, cuadros
490 #0 - MENCION DE SERIE [R]
Mención de serie [R] Proyecto Capacitación para Profesionales del Sector Ambiental
650 04 - ASIENTO SECUNDARIO DE MATERIA - TERMINO TEMATICO [R]
Término temático o nombre geográfico como elemento de entrada [NR] Gestión ambiental
Subdivisión geográfica [R] Colombia
Subdivisión de forma [R] Congresos, conferencias, etc.
9 (RLIN) 16402
650 04 - ASIENTO SECUNDARIO DE MATERIA - TERMINO TEMATICO [R]
Término temático o nombre geográfico como elemento de entrada [NR] Medio ambiente
9 (RLIN) 19225
650 04 - ASIENTO SECUNDARIO DE MATERIA - TERMINO TEMATICO [R]
Término temático o nombre geográfico como elemento de entrada [NR] Medio ambiente
Subdivisión geográfica [R] Colombia
Subdivisión de forma [R] Congresos, conferencias, etc.
9 (RLIN) 19225
650 04 - ASIENTO SECUNDARIO DE MATERIA - TERMINO TEMATICO [R]
Término temático o nombre geográfico como elemento de entrada [NR] Solución de conflictos
Subdivisión general [R] Aspectos ambientales
Subdivisión geográfica [R] Colombia
Subdivisión de forma [R] Congresos, conferencias, etc.
9 (RLIN) 24842
710 ## - ASIENTO SECUNDARIO - NOMBRE CORPORATIVO [R]
Nombre corporativo o de jurisdicción como elemento de entrada [NR] Colombia.
Unidad subordinada [R] Ministerio del Medio Ambiente
9 (RLIN) 4053
710 ## - ASIENTO SECUNDARIO - NOMBRE CORPORATIVO [R]
Nombre corporativo o de jurisdicción como elemento de entrada [NR] Instituto Colombiano para el Fomento de la Educación Superior. ICFES
9 (RLIN) 64879
710 ## - ASIENTO SECUNDARIO - NOMBRE CORPORATIVO [R]
Nombre corporativo o de jurisdicción como elemento de entrada [NR] Universidad Colegio Mayor de Nuestra Señora del Rosari.
Unidad subordinada [R] Facultad de Educación Continuada
9 (RLIN) 82525
942 ## - ELEMENTOS DE ENTRADA AGREGADOS (KOHA)
Tipo de ítem principal el descrito en 300a Edición Rosarista
Sistema de clasificación DEWEY
Tema principal Economía
Edición 1
Clasificación 333.72
Parte restante de la signatura top. S35a
Existencias
Fecha de último préstamo Total préstamos Signatura topográfica Código de barras Última vez visto Ejemplar Price effective from Tipo de ítem Perdido Sistema de clasificación Dañado No prestable Tipo de ítem específico Suprimido Ubicación habitual Ubicación actual Localización Fecha de creación Forma de adquisición Costo
15/08/2013 4 333.72 S35a 100089894 26/02/2022 Ej.2 03/02/2013 Edición Rosarista   DEWEY     Libro Edición Rosarista   Bodega Bodega Préstamo 4 días después de solicitado 08/02/2008 Memoria institucional 26000.00
30/01/2019 11 333.72 S35a 100060149 03/12/2025 Ej.1 03/02/2013 Libro de reserva   DEWEY     Libro de reserva   Claustro Claustro 4to piso 28/02/2004 Donación 24500.00